載入...
Nooru Rassian kavithakal
| 主要作者: | |
|---|---|
| 格式: | Printed Book |
| 出版: |
Wayanadu, Phoenix
1990
|
| LEADER | 003910000a22001210004500 | ||
|---|---|---|---|
| 040 | |a MAL | ||
| 082 | |a 891.710 08 32N0 | ||
| 100 | |a Sachidanandan, K; Tr | ||
| 245 | |a Nooru Rassian kavithakal | ||
| 260 | |a Wayanadu, Phoenix | ||
| 260 | |c 1990 | ||
| 999 | |c 24715 |d 24715 | ||
| 952 | |0 0 |1 4 |4 0 |6 891_710000000000000_08_32N0 |7 0 |8 MAL |9 24539 |a MGUL |b MGUL |c MI |d 2013-07-16 |l 0 |o 891.710 08 32N0 |p 22000 |r 2013-07-16 |w 2013-07-16 |y BK | ||